Morte Improvvisa - Quali Paesi hanno Vinto la Champions League? - Statistics

Statistiche generali
  • Questo quiz è stato fatto 641 volte
  • Il punteggio medio è 7 su 9
Answers on the Grid
Answers color-coded by a green-red scale on the quiz's grid according to % correct below.
Belgio
Italia
Russia
Norvegia
Spagna
Polonia
Serbia
Svezia
Romania
Grecia
Turchia
Germania
Svizzera
Regno Unito
Cechia
Paesi Bassi
Ucraina
Portogallo
Ungheria
Francia
 
Statistiche sulle risposte
Risposta % Corretto
Italia
100%
Spagna
91%
Germania
86%
Francia
84%
Regno Unito
84%
Portogallo
81%
Paesi Bassi
79%
Romania
47%
Serbia
45%
Nessun quiz corrispondente trovato
Distribuzione punteggi
Percentuale di utenti per punteggio
Percentile per numero di risposta
I tuoi punteggi nel tempo
Non hai fatto questo quiz